|
|
|
|
| LEADER |
00000nam0a2200000 4500 |
| 001 |
269614 |
| 005 |
20231101234254.0 |
| 035 |
|
|
|a (RuTPU)RU\TPU\book\292791
|
| 090 |
|
|
|a 269614
|
| 100 |
|
|
|a 20140919d1986 k y0rusy5003 ca
|
| 101 |
0 |
|
|a rus
|
| 102 |
|
|
|a RU
|
| 105 |
|
|
|a a z 000zy
|
| 200 |
1 |
|
|a В небе Китая, 1937 - 1940: воспоминания советских летчиков-добровольцев
|f Академия наук СССР (АН СССР), Институт востоковедения (ИВ) ; под ред. Ю. В. Чудодеева
|
| 205 |
|
|
|a 2-е изд., испр. и доп.
|
| 210 |
|
|
|a Москва
|c Наука
|d 1986
|
| 215 |
|
|
|a 383 с.
|c ил.
|
| 606 |
1 |
|
|a СССР
|x История
|z 1939-1941
|2 stltpush
|3 (RuTPU)RU\TPU\subj\66598
|9 82649
|
| 610 |
1 |
|
|a летчики
|
| 610 |
1 |
|
|a военно-воздушные силы
|
| 610 |
1 |
|
|a международные отношения
|
| 610 |
1 |
|
|a Китай
|
| 610 |
1 |
|
|a воспоминания
|
| 686 |
|
|
|a Т3(2)621
|2 rubbk
|
| 702 |
|
1 |
|a Чудодеев
|b Ю. В.
|4 340
|
| 712 |
0 |
2 |
|a Академия наук СССР (АН СССР)
|b Институт востоковедения (ИВ)
|c (Москва)
|2 stltpush
|3 (RuTPU)RU\TPU\col\11263
|
| 801 |
|
0 |
|a RU
|b RuMRKP
|c 19950704
|g psbo
|
| 801 |
|
1 |
|a RU
|b 63413507
|c 20140919
|
| 801 |
|
2 |
|a RU
|b 63413507
|c 20161201
|g RCR
|
| 942 |
|
|
|c BK
|